01320 2200205 4500001002100000005001500021035002000036008004100056245004700097100001800144250000600162260003800168300001200206084001400218082000800232650001000240520084000250990001201090990001201102INLIS00000000000090420240603092501 a0010-0524000139240603 1 ind 1 aOnce Upon A Time In Jogja /cCora Pandu A. aPandu A, Cora a1 aYogyakarta :bSheila/ Andi,c2011 a186 hlm a813 COR o a813 4aFiksi aAkhirnya tes SNMPTN (Seleksi Nasional Masuk Perguruan Tinggi Negeri) sudah di depan mata. Lokasi tes aku di gedung UGM, sedangkan Tund Tund di gedung UNY. Jadwal kopi darat telah kami sepakati bersama, yaitu setelah pulang dari tes. Tund Tund itu deskripsinya adalah sebagai berikut: jangkis, tinggi, leher panjang, rambut jabrik, muka runcing, semua runcing. berkulit sawo busuk, kalau kalian suka nonton kartun Eyeshield 21 pasti kenal tokoh Hiruma. Yah, kira-kira seperti itulah deskripsinya. Dia sudah menungguku selama setengah jam di depan gerbang UNY, sedangkan aku masih terjebak keramaian lalu lintas sepanjang UGM-UNY. Dia pasti lagi kebingungan, mana sih cewek yang bernama Cila Dinata itu, yang katana chubby itu, yang kulitnya putih bersih, yang tinggi badannya 150 cm, yang bawa motor mio biru dengan nomor plat Bengkulu. a0741408 a0741409